Building on contaminated land (Record no. 65376)

MARC details
000 -LEADER
fixed length control field 01628cam a2200301 4500
001 - CONTROL NUMBER
control field ABS63125
008 - FIXED-LENGTH DATA ELEMENTS--GENERAL INFORMATION
fixed length control field 000000n2000 000 0 eng u
035 ## - SYSTEM CONTROL NUMBER
System control number (Sirsi) u109502
100 ## - MAIN ENTRY--PERSONAL NAME
Personal name Millard, R
245 ## - TITLE STATEMENT
Title Building on contaminated land
260 ## - PUBLICATION, DISTRIBUTION, ETC.
Date of publication, distribution, etc. 2000
490 ## - SERIES STATEMENT
Series statement Faculty of Building Journal
Volume/sequential designation 9(5) October 2000, 8-9(2)
520 ## - SUMMARY, ETC.
Summary, etc. Examines the necessary procedures to reuse contaminated land in accordance with the ethos of sustainable development. The first stage is the clean-up of contaminated sites. This involves: undertaking a field study to discover the history of the site; completing a site assessment of the contamination present and risk assessment; formulating an amelioration strategy. Lists the different options available for the amelioration strategy, and highlights the pros and cons of each clean-up method. Discusses the building construction process, and emphasises the importance of choosing a suitable foundation design. Concludes that the environmental advantages and cost savings should be considered when choosing which method to employ to reuse contaminated land.
590 ## - LOCAL NOTE (RLIN)
Local note ABS
650 ## - SUBJECT ADDED ENTRY--TOPICAL TERM
Topical term or geographic name entry element CONTAMINATED LAND
650 ## - SUBJECT ADDED ENTRY--TOPICAL TERM
Topical term or geographic name entry element REUSE
650 ## - SUBJECT ADDED ENTRY--TOPICAL TERM
Topical term or geographic name entry element BUILT ENVIRONMENT-BUILDING ELEMENTS-COMPLETE BUILDING ELEMENTS-FOUNDATIONS
650 ## - SUBJECT ADDED ENTRY--TOPICAL TERM
Topical term or geographic name entry element CLEAN-UP METHODS
650 ## - SUBJECT ADDED ENTRY--TOPICAL TERM
Topical term or geographic name entry element RISK ASSESSMENT
650 ## - SUBJECT ADDED ENTRY--TOPICAL TERM
Topical term or geographic name entry element SITE ASSESSMENT
650 ## - SUBJECT ADDED ENTRY--TOPICAL TERM
Topical term or geographic name entry element ENVIRONMENTAL PROTECTION ACT 1990
650 ## - SUBJECT ADDED ENTRY--TOPICAL TERM
Topical term or geographic name entry element BROWNFIELD SITES
650 ## - SUBJECT ADDED ENTRY--TOPICAL TERM
Topical term or geographic name entry element GREENFIELD SITES
650 ## - SUBJECT ADDED ENTRY--TOPICAL TERM
Topical term or geographic name entry element LAND POLLUTION
650 ## - SUBJECT ADDED ENTRY--TOPICAL TERM
Topical term or geographic name entry element SUSTAINABLE DEVELOPMENT
690 ## - LOCAL SUBJECT ADDED ENTRY--TOPICAL TERM (OCLC, RLIN)
Topical term or geographic name as entry element BUILT ENVIRONMENT-BUILDING STANDARDS
942 ## - ADDED ENTRY ELEMENTS (KOHA)
Suppress in OPAC 0
Holdings
Withdrawn status Lost status Source of classification or shelving scheme Damaged status Not for loan Home library Current library Shelving location Date acquired Total Checkouts Full call number Barcode Date last seen Copy number Price effective from Koha item type
    Dewey Decimal Classification     London London Journal article 24/11/2000   ABS63125 109502-1001 06/08/2019 1 06/08/2019 Journal article